00706nam a2200241 a 4500001001300000003000900013005001700022008004100039020001000080082001700090100001900107245004100126260004200167300000800209500003500217505001000252650003600262700001900298902000800317942000700325952011700332999001500449nice12345678IN_TiNIC20260116011930.0050524s1956 alia grp 000 0 urd  ac10000a891.41bNAD1 aNadeem, Qasimi aIntekhab-E-Kalam Ahmad Nadeem Qasimi aAligarhbAnjuman Taraqqi-E-Urduc1956 a64p aincludes index and biblioraphy2 aNotes aUrdu-Poetry-ahmad Nadeen Qasimi1 aNadeem, Qasimi bSRS cBK 001040708StackRoom-aHMIbHMId2007-06-20g100.00l0o891.41 NAD1p09622r2007-06-20v100.00w2005-05-24yBK c4953d4953